Bundesligaspieler mit 15+ Toren seit Sommer 2014 - Statistiken

Allgemein
  • Dieses Quiz wurde 104 mal gespielt
  • Das Durchschnittsergebnis liegt bei 47 aus 66
Antwortstatistiken
Hint Tore Antwort Verein % Korrekt
Saison 14/15 17 Robert Lewandowski FC Bayern München
100%
Saison 15/16 30 Robert Lewandowski FC Bayern München
100%
Saison 16/17 30 Robert Lewandowski FC Bayern München
100%
Saison 17/18 29 Robert Lewandowski FC Bayern München
100%
Saison 18/19 22 Robert Lewandowski FC Bayern München
100%
Saison 19/20 34 Robert Lewandowski FC Bayern München
100%
Saison 20/21 41 Robert Lewandowski FC Bayern München
100%
Saison 21/22 35 Robert Lewandowski FC Bayern München
100%
Saison 16/17 15 Andrej Kramaric TSG 1899 Hoffenheim
92%
Saison 23/24 28 Serhou Guirassy VfB Stuttgart
91%
Saison 24/25 21 Serhou Guirassy Borussia Dortmund
91%
Saison 23/24 36 Harry Kane FC Bayern München
89%
Saison 24/25 26 Harry Kane FC Bayern München
89%
Saison 21/22 24 Patrik Schick Bayer 04 Leverkusen
88%
Saison 24/25 21 Patrik Schick Bayer 04 Leverkusen
88%
Saison 14/15 16 Pierre-Emerick Aubameyang Borussia Dortmund
88%
Saison 15/16 25 Pierre-Emerick Aubameyang Borussia Dortmund
88%
Saison 16/17 31 Pierre-Emerick Aubameyang Borussia Dortmund
88%
Saison 16/17 21 Timo Werner RB Leipzig
88%
Saison 18/19 16 Timo Werner RB Leipzig
88%
Saison 19/20 28 Timo Werner RB Leipzig
88%
Saison 14/15 19 Alexander Meier Eintracht Frankfurt
85%
Saison 18/19 17 Marco Reus Borussia Dortmund
85%
Saison 22/23 16 Niclas Füllkrug Werder Bremen
85%
Saison 15/16 15 Anthony Modeste 1. FC Köln
84%
Saison 16/17 25 Anthony Modeste 1. FC Köln
84%
Saison 21/22 20 Anthony Modeste 1. FC Köln
84%
Saison 14/15 17 Arjen Robben FC Bayern München
83%
Saison 15/16 20 Thomas Müller FC Bayern München
83%
Saison 21/22 20 Christopher Nkunku RB Leipzig
82%
Saison 22/23 16 Christopher Nkunku RB Leipzig
82%
Saison 23/24 18 Deniz Undav VfB Stuttgart
80%
Saison 20/21 27 Erling Haaland Borussia Dortmund
80%
Saison 21/22 22 Erling Haaland Borussia Dortmund
80%
Saison 24/25 15 Omar Marmoush Eintracht Frankfurt
78%
Saison 22/23 15 Randal Kolo Muani Eintracht Frankfurt
72%
Saison 18/19 17 Luka Jovic Eintracht Frankfurt
71%
Saison 24/25 16 Tim Kleindienst Borussia Mönchengladbach
71%
Saison 23/24 15 Ermedin Demirovic FC Augsburg
70%
Saison 24/25 15 Ermedin Demirovic VfB Stuttgart
70%
Saison 24/25 18 Jonathan Burkardt 1. FSV Mainz 05
70%
Saison 22/23 15 Vincenzo Grifo SC Freiburg
70%
Saison 18/19 18 Paco Alcácer Borussia Dortmund
66%
Saison 24/25 15 Hugo Ekitikė Eintracht Frankfurt
64%
Saison 17/18 15 Nils Petersen SC Freiburg
64%
Saison 23/24 24 Loïs Openda RB Leipzig
61%
Saison 16/17 16 Mario Gómez VfL Wolfsburg
60%
Saison 19/20 17 Jadon Sancho Borussia Dortmund
57%
Saison 18/19 15 Sébastien Haller Eintracht Frankfurt
55%
Saison 20/21 28 André Silva Eintracht Frankfurt
53%
Saison 14/15 16 Bas Dost VfL Wolfsburg
53%
Saison 18/19 17 Kai Havertz Bayer 04 Leverkusen
51%
Saison 19/20 15 Rouwen Hennings Fortuna Düsseldorf
49%
Saison 18/19 17 Wout Weghorst VfL Wolfsburg
47%
Saison 19/20 16 Wout Weghorst VfL Wolfsburg
47%
Saison 20/21 20 Wout Weghorst VfL Wolfsburg
47%
Saison 18/19 15 Yussuf Poulsen RB Leipzig
45%
Saison 23/24 16 Maximilian Beier TSG 1899 Hoffenheim
40%
Saison 18/19 17 Andrej Kramaric TSG 1899 Hoffenheim
38%
Saison 20/21 20 Andrej Kramaric TSG 1899 Hoffenheim
38%
Saison 23/24 15 Andrej Kramaric TSG 1899 Hoffenheim
38%
Saison 16/17 15 Max Kruse Werder Bremen
38%
Saison 21/22 15 Taiwo Awoniyi 1. FC Union Berlin
34%
Saison 20/21 16 Sasa Kalajdzic VfB Stuttgart
30%
Saison 15/16 17 Chicharito Bayer 04 Leverkusen
29%
Saison 18/19 16 Ishak Belfodil TSG 1899 Hoffenheim
14%
Keine übereinstimmenden Quizze gefunden
Verteilung der Resultate
Anzahl Personen mit jedem Resultat
Perzentil nach korrekt beantworteten Fragen
Ihre Resultats-Entwicklung
Sie haben dieses Quiz noch nicht gespielt